[Event "Pattaya CAD op"]
[Site "Pattaya"]
[Date "2023.04.01"]
[Round "2"]
[White "Thassanamethin, Methavee"]
[Black "Chernyavsky, Alexander"]
[Result "0-1"]
[WhiteElo "1531"]
[BlackElo "2327"]
[PlyCount "92"]
[EventDate "2023.04.01"]
[EventType "swiss"]
[EventRounds "7"]
[EventCountry "THA"]
[SourceTitle "CBM 213 Extra"]
[Source "ChessBase"]
[SourceDate "2023.05.31"]
[SourceVersion "1"]
[SourceVersionDate "2023.05.31"]
[SourceQuality "1"]

1. e4 c5 2. Nf3 d6 3. c4 Nc6 4. d4 cxd4 5. Nxd4 g6 6. Be2 Bg7 7. Be3 Nf6 8. Nc3 Bd7 9. Rc1 0-0 10. 0-0 Nxd4 11. Bxd4 Bc6 12. f3 Nd7 13. b3 Bxd4+ 14. Qxd4 a5 15. a4 Nc5 16. Rb1 e5 17. Qe3 Qe7 18. Rfd1 f5 19. Nd5 Qg7 20. Bd3 Bxd5 21. cxd5 fxe4 22. Bxe4 Rf4 23. Rbc1 b6 24. Rc4 Raf8 25. Rdc1 g5 26. h3 h5 27. Bc2 g4 28. fxg4 hxg4 29. hxg4 Qxg4 30. Rxf4 Rxf4 31. Rf1 Kg7 32. Rxf4 Qxf4 33. Qxf4 exf4 34. Kf2 Kf6 35. Kf3 Ke5 36. Kg4 Nd7 37. Bg6 Nf6+ 38. Kf3 Nxd5 39. Bf7 Nb4 40. g4 fxg3 41. Kxg3 Kd4 42. Kf4 d5 43. Bh5 Kc3 44. Bd1 Nd3+ 45. Ke3 d4+ 46. Ke2 Nb2 0-1

[Event "THA-ch"]
[Site "Bangkok"]
[Date "2015.11.08"]
[Round "6"]
[White "Asavayutphol, Pattarapong"]
[Black "Thassanamethin, Methavee"]
[Result "0-1"]
[WhiteElo "1295"]
[BlackElo "1582"]
[PlyCount "60"]
[EventDate "2015.11.06"]
[EventType "swiss"]
[EventRounds "9"]
[EventCountry "THA"]
[SourceTitle "CBM 169 Extra"]
[Source "ChessBase"]
[SourceDate "2015.12.18"]
[SourceVersion "1"]
[SourceVersionDate "2015.12.18"]
[SourceQuality "1"]

1. d4 d5 2. c4 e6 3. Nc3 c6 4. cxd5 exd5 5. g3 Nf6 6. Bg2 Be7 7. e4 dxe4 8. Nxe4 0-0 9. Nc3 Re8 10. Nge2 Bg4 11. 0-0 Nbd7 12. Bf4 Nb6 13. Rc1 Nbd5 14. Nxd5 Nxd5 15. Be3 Qd7 16. Qb3 Bxe2 17. Rfe1 Bg4 18. Bxd5 Qxd5 19. Qxd5 cxd5 20. Kg2 Bb4 21. Rh1 Rac8 22. Rxc8 Rxc8 23. a3 Ba5 24. b4 Bb6 25. h3 Bf5 26. g4 Bg6 27. Re1 h6 28. f4 Be4+ 29. Kg3 Rc3 30. a4 Bxd4 0-1